Disco Hits - Statistics

General Stats
  • This quiz has been taken 42 times
  • The average score is 10 of 20
Answer Stats
Hint Answer % Correct
Hot Stuff. 1979 Donna Summer
100%
Jive Talkin'. 1975 Bee Gees
95%
You Sexy Thing. 1977 Hot Chocolate
82%
The Hustle. 1975 Van McCoy
82%
Good Times. 1979 Chic
77%
Rock The Boat. 1974 Hues Corporation
77%
If I Can't Have You. 1978 Yvonne Elliman
73%
Never Can Say Goodbye. 1974 Gloria Gaynor
68%
Play That Funky Music. 1976 Wild Cherry
68%
More More More. 1976 Andrea True Connection
50%
Boogie Nights. 1977 Heatwave
41%
Japanese Boy. 1981 Aneka
36%
Feels Like I'm In Love. 1980 Kelly Marie
32%
I Was Made For Dancing. 1979 Leif Garrett
27%
Haven't Stopped Dancing Yet. 1979 Gonzalez
23%
Number One Song In Heaven. 1979 Sparks
18%
You See The Trouble With Me. 1976 Barry White
14%
I Love America. 1978 Patrick Juvet
14%
Nice And Slow. 1976 Jesse Green
9%
Giving Up Giving In. 1978 Three Degrees
9%
No matching quizzes found
Score Distribution
Percent of People with Each Score
Percentile by Number Answered
Your Score History
You have not taken this quiz